000 04875cam a2200601Ii 4500
001 1057363491
003 OCoLC
005 20230912092351.0
008 181018s2018 miu b 010 0 eng d
020 _a9780998702117
020 _a0998702110
035 _a(OCoLC)1057363491
040 _aEXN
_beng
_cEXN
_dEXN
049 _aEXNs
050 _aBX6113
_b.F74 2018
245 0 2 _aA fresh look at denominational research: role, impact, & scope :
_ba festschrift honoring Roger Dudley, a pioneer of Seventh-day Adventist human-subject research /
_cedited by Petr Činčala. PhD.
260 _a[Berrien Springs, Michigan], Lincoln, Nebraska :
_bInstitute of Church Ministry, Andrews University ; AdventSource,
_cc2018
300 _aix, 364 pages :
_billustrations ;
_c23 cm.
504 _aIncludes bibliographical references.
505 0 0 _tTribute to Dr. Roger Dudley /
_rDes Cummings Jr. --
_tTribute to Dr. Roger Dudley /
_rRandal Wisbey --
_tThe beginnings of denominal research at the Institute of Church Ministry /
_rCarol Kilcher --
_tScholarship as mission: the role of research in expanding the mission of the church /
_rEdwin I. Hernández --
_tRoger Dudley's contribution to Adventist church growth /
_rMnote Sahlin --
_tResearch as prophetic voice /
_rErich Baumgartner --
_tASTR, AHSRA, and new horizons for Adventist human-subject research /
_rGalina Stele and D. J. B. Trim --
_tA word from the top executive secretary to denominational researchers /
_rG. T. Ng --
_tThe challenges of a world-wide web-based research study /
_rRoger Dudley --
_tPastoral family care: celebrating the life and work of Roger Dudley /
_rDavid Sedlacek --
_tEffective and ineffective pastors: a study in contrasts /
_rPeter Swanson --
_tFaith transmission and mentoring: the greatest want of the church /
_rKelvin Onongha --
_tWorldview and leadership: the influence of culture on organizational leadership in the global Seventh-day Adventist church /
_rSkip Bell --
_tYouth and young adult ministry and the postmodern myth /
_rKenley Hall --
_tAdventist youth and the church: an overview of research related to Roger Dudley's seminal contributions /
_rPaul S. Brantley --
_tYoung Adventists' retention: believe, behave, belong /
_rGalina Stele --
_tNurture, retention, and engagement of Seventh-day Adventist church members: focus on youth in Africa /
_rElizabeth M. Role --
_tComparative analysis of vitality of the Seventh-day Adventist congregations and its implictions for retention of young adults /
_rPetr Činčala --
_tGenerational differences and its influence on mission offering giving /
_rRene Drumm and Petr Činčala --
_tFactors related to church growth in the world Seventh-day Adventist church /
_rRoger Dudley, Petr Činčala, and Duane McBride --
_tWorld survey of church pastors and lay leaders --
_tStories of conversion, retention, and reclamation: the southeast Asian experience /
_rArceli Rosario, Carthy Joy Aguillon, Jimmy Adil, Susa Opao, and Ray Opao --
_tDenominational research in the Netherlands: a serious endeavor and its implications /
_rAndré Staal and Jurriën den Hollander --
_tFaith maturity in a diverse global sample of Seventh-day Adventists /
_rKarl G. D. Bailey and Heather M. Moore --
_tThe nature of data, counting dilemmas, and problems of quantity in the South American Division /
_rThadeu J. Silva, Filho.
610 1 0 _aDudley, Roger L.,
_ehonoree,
_econtributor.
610 2 0 _aSeventh-day Adventists
_xResearch.
700 1 _aČinčala, Petr,
_eeditor,
_econtributor.
700 1 _aCummings, Des,
_econtributor.
700 1 _aWisbey, Randal,
_econtributor.
700 1 _aKilcher, Carol,
_econtributor.
700 1 _aHernandez, Edwin I.,
_econtributor.
700 1 _aSahlin, Monte,
_econtributor.
700 1 _aBaumgartner, Erich Walter,
_d1954- ,
_econtributor.
700 1 _aStele, Galina I.,
_d1964- ,
_econtributor.
700 1 _aTrim, D. J. B.
_q(David J. B.),
_econtributor.
700 1 _aNg, G. T.,
_econtributor.
700 1 _aSedlacek, David,
_econtributor.
700 1 _aSwanson, Peter,
_econtributor.
700 1 _aOnongha, Kelvin,
_econtributor.
700 1 _aBell, Skip,
_econtributor.
700 1 _aHall, Kenley,
_econtributor.
700 1 _aBrantley, Paul S.,
_econtributor.
700 1 _aRole, Elizabeth M.,
_econtributor.
700 1 _aDrumm, Rene,
_econtributor.
700 1 _aMcBride, Duane,
_econtributor.
700 1 _aRosario, Arceli,
_econtributor.
700 1 _aAguillon, Carthy Joy,
_econtributor.
700 1 _aAdil, Jimmy,
_econtributor.
700 1 _aOpao, Susa,
_econtributor.
700 1 _aOpao, Ray,
_econtributor.
700 1 _aStaal, André,
_econtributor.
700 1 _aden Hollander, Jurriën,
_econtributor.
700 1 _aBailey, Karl G. D.,
_econtributor.
700 1 _aMoore, Heather M.,
_econtributor.
700 1 _aSilva Filho, Thadeu J.,
_econtributor.
942 _2lcc
_cBOOK
_hBX 6113
_i.F74 2018
999 _c24037
_d24037